| 000 | 00497nam a22001697a 4500 | ||
|---|---|---|---|
| 999 |
_c9340 _d9340 |
||
| 008 | 210405b ||||| |||| 00| 0 eng d | ||
| 040 | _aBMS College of Architecture | ||
| 100 | _aSiddiqua, Rabi | ||
| 245 | _aPharmaceutical industry | ||
| 300 | _a67p. | ||
| 500 | _a96GBEA1039 | ||
| 502 |
_8B.Arch _NBMS College of Architecture, Visvesvaraya Technological University _aProject report _d2000 |
||
| 650 | _aIndustry | ||
| 700 |
_aD Pushpa _eGuide |
||
| 700 |
_aR S Hegde _eGuide |
||
| 942 |
_2ddc _cTHE |
||